000 00801nam a2200241 a 4500
001 BRCA_8072
005 20190320210123.0
008 020414s1922----gw-a###f##---#001-0#ger-#
041 _ager
044 _agw
050 4 _aNK2808
_b.R67 1922
100 1 _aRopers, Heinrich
_920059
245 1 0 _aMorgenländische Teppiche
_bein auskunftsbuch für sammler und liebhaber
_cvon Heinrich Ropers.
260 _aBerlín
_bRichard Carl Schmidt & Co.
_c1922
300 _av, 179 p.
_bil., (algunas a color), 84 láminas
_c23 cm.
440 0 _aBibliothek für kunst und antiquitätensammler
_920060
500 _aVer también T36
500 _aY99
650 1 4 _aTapices orientales
_vColeccionistas y colecciones
_920061
650 1 4 _aTapices orientales
_vCatálogos
_920062
902 _aGFM
942 _2lcc
_cB
999 _c7740
_d7740